|
|
|
|
| LEADER |
00000nas a2200000 a 4500 |
| 001 |
ssj0000931 |
| 003 |
WaSeSS |
| 005 |
20200512172242.0 |
| 006 |
m d |
| 007 |
cr n |
| 008 |
991113c19949999dcuqr p s 0 a0eng c |
| 010 |
|
|
|a 2003215356
|
| 016 |
7 |
|
|a 2070156 1
|2 DE-600
|
| 022 |
|
|
|a 1545-6838
|l 1070-5309
|y 1070-5309
|
| 035 |
|
|
|a (WaSeSS)ssj0000931
|
| 037 |
|
|
|b NASW Press, 750 1st St., NE, Ste. 700, Washington, DC 20002-4241
|
| 037 |
|
|
|b Oxford University Press, 2001 Evans Rd, Cary, NC 27513 United States
|
| 040 |
|
|
|a UV$
|b eng
|c UV$
|d OCL
|d UV$
|d OCLCQ
|d NSD
|d OCLCQ
|d HNK
|d OCLCQ
|d MUQ
|d CFI
|d OCLCQ
|d VRC
|d TXA
|d OCLCQ
|d OCLCF
|d EYM
|d OCLCO
|d EUW
|d OCLCO
|d OCLCQ
|d VT2
|d SFB
|d CNMTR
|d WaSeSS
|
| 042 |
|
|
|a nsdp
|a pcc
|
| 050 |
0 |
4 |
|a HV1
|b .S6475
|
| 082 |
1 |
0 |
|a 361.3
|2 13
|
| 130 |
0 |
|
|a Social work research (Online)
|
| 210 |
0 |
|
|a Soc. work res.
|b (Online)
|
| 222 |
|
0 |
|a Social work research
|b (Online)
|
| 245 |
1 |
0 |
|a Social work research
|h [electronic resource].
|
| 260 |
|
|
|a Washington, DC :
|b NASW Press,
|c ©1994-
|
| 310 |
|
|
|a Quarterly
|
| 362 |
1 |
|
|a Began with: Vol. 18, no. 1 (Mar. 1994).
|
| 506 |
|
|
|a License restrictions may limit access.
|
| 538 |
|
|
|a Mode of access: World Wide Web.
|
| 550 |
|
|
|a A journal of the National Association of the Social Workers.
|
| 588 |
|
|
|a Description based on: Vol. 18, no. 1 (Mar. 1994); title from PDF cover (JSTOR, viewed May 23, 2014).
|
| 588 |
|
|
|a Latest issue consulted: Vol. 53, no. 4 (Dec. 2011) (Oxford journals, viewed Mar. 7, 2012).
|
| 650 |
|
0 |
|a Social service
|v Periodicals.
|
| 650 |
|
6 |
|a Service social
|v Périodiques.
|
| 650 |
|
7 |
|a Social service.
|2 fast
|0 (OCoLC)fst01123192
|
| 655 |
|
0 |
|a Electronic journals.
|
| 710 |
2 |
|
|a National Association of Social Workers.
|
| 776 |
0 |
8 |
|i Print version:
|t Social work research
|x 1070-5309
|w (DLC) 94640837
|w (OCoLC)28398727
|
| 780 |
0 |
1 |
|t Social work research & abstracts (Online)
|w (OCoLC)61312921
|
| 856 |
4 |
0 |
|z Full text available from Research Library: 12/01/1997 to 12/31/2012
|u https://search.proquest.com/publication/34376
|